000 00387nam a2200157Ia 4500
008 151213s9999 xx 000 0 und d
100 _aAlastair Watson
245 _aFinance Of International Trade
_cAlastair Watson
250 _a7th
260 _aDelhi
_bA.I.T.B.,S
_c2002
300 _a1510 p.
650 _aFinance
650 _aFinance
700 _aAlastair Watson
999 _c1171
_d1171